Sitcom Husbands & Wives II Quiz Stats

 Plays Quiz Updated Feb 19, 2015

Score 0/30 Timer 08:00
2 Plays Today
Actor & Actress Playing Husband & Wife TV Sitcom % Correct
Desi Arnaz & Lucille BallI Love Lucy
96.2%
Bill Cosby & Phylicia RashadThe Cosby Show
82.4%
Kevin James & Leah ReminiThe King Of Queens
80.3%
Ed O'Neill & Sofia VergaraModern Family
78.6%
Peter Boyle & Doris RobertsEverybody Loves Raymond
78.5%
Carroll O'Connor & Jean StapletonAll In The Family
76.9%
Scott Baio & Erin MoranHappy Days
73.1%
David Hyde Pierce & Jane LeevesFrasier
73.1%
Woody Harrelson & Jackie SwansonCheers
68.9%
Jerry Stiller & Estelle HarrisSeinfeld
67.5%
Eddie Albert & Eva GaborGreen Acres
65%
George Lopez & Constance MarieGeorge Lopez
62.3%
Dan Castellaneta & Julie KavnerThe Simpsons
62%
Art Carney & Joyce RandolphThe Honeymooners
60.4%
John Krasinski & Jenna FischerThe Office
58.2%
Actor & Actress Playing Husband & Wife TV Sitcom % Correct
John Ritter & Katey Sagal8 Simple Rules . . . for Dating My Teenage Daughter
52.3%
James Belushi & Courtney Thorne-SmithAccording To Jim
52%
Beeson Carroll & Loretta SwitM*A*S*H
50.6%
Neil Flynn & Patricia HeatonThe Middle
46.1%
Kyle MacLachlan & Kristin DavisSex And The City
46.1%
Patrick Duffy & Suzanne SomersStep By Step
40%
Donald Faison & Judy ReyesScrubs
39.2%
Robert Young & Jane WyattFather Knows Best
36.5%
James Avery & Janet HubertThe Fresh Prince of Bel-Air
28%
Damon Wayans & Tisha Campbell-MartinMy Wife & Kids
26.9%
Terry Crews & Tichina ArnoldEverybody Hates Chris
22.9%
Mel Blanc & Bea BenaderetThe Flintstones
17.5%
H. Jon Benjamin & John RobertsBob's Burgers
13.8%
Brad Garrett & Joely Fisher'Til Death
13.4%
Max Wright & Anne SchedeenALF
11.6%

You're not logged in!

Compare scores with friends on all Sporcle quizzes.
OR
Log In

Sporcle TV

Today on Sporcle TV


Watch our educational content, quiz creation guides, and fun videos on Sporcle TV.

Show Comments

Extras

Top Quizzes Today


Score Distribution

Your Account Isn't Verified!

In order to create a playlist on Sporcle, you need to verify the email address you used during registration. Go to your Sporcle Settings to finish the process.

Report this User

Report this user for behavior that violates our Community Guidelines.

Details: